000 00212 a2200097 4500
001 8411
100 _aQuilleic, couch
245 _aThe oxford book of English prose
260 _a
_bFaber
_c
090 _c6781
_d6781
942 _aNUST-CAE
_cM
_c33357
999 _c243484
_d243484